000 01206nam a2200313 a 4500
001 ebr10583612
003 CaPaEBR
006 m u
007 cr cn|||||||||
008 120810s2012 enka sb 001 0 eng d
020 _z9781848168114
020 _z9781848168299 (e-book)
040 _aCaPaEBR
_cCaPaEBR
035 _a(OCoLC)804038376
050 1 4 _aQD31.3
_b.B46 2012eb
100 1 _aBensaude-Vincent, Bernadette.
245 1 0 _aChemistry
_h[electronic resource] :
_bthe impure science /
_cBernadette Bensaude-Vincent, Jonathan Simon.
250 _a2nd ed.
260 _aLondon :
_bImperial College Press,
_c2012.
300 _axvi, 278 p. :
_bill.
504 _aIncludes bibliographical references and index.
533 _aElectronic reproduction.
_bPalo Alto, Calif. :
_cebrary,
_d2011.
_nAvailable via World Wide Web.
_nAccess may be limited to ebrary affiliated libraries.
650 0 _aChemistry.
650 0 _aChemistry
_xPhilosophy.
655 7 _aElectronic books.
_2local
700 1 _aSimon, Jonathan,
_d1964-
710 2 _aebrary, Inc.
856 4 0 _uhttp://site.ebrary.com/lib/rucke/Doc?id=10583612
_zAn electronic book accessible through the World Wide Web; click to view
999 _c185626
_d185626